| 000 | 00437nam a2200145Ia 4500 | ||
|---|---|---|---|
| 008 | 210430s9999 xx 000 0 und d | ||
| 020 | _a978-1-59370-216-8 | ||
| 082 | _a661.804 B945 P | ||
| 100 |
_aDonald L . Burdick, William L. Leffler _9127102 |
||
| 245 |
_aPetrochemicals In Nontechnical Language 4th edition / _cDonald L . Burdick |
||
| 250 | _a4th edition | ||
| 260 |
_aUSA _bPennWell _c2010 |
||
| 300 | _a387p | ||
| 942 |
_cBK _2ddc |
||
| 999 |
_c564735 _d564735 |
||